Normal view MARC view
  • Kastam Diraja Malaysia Selangor.

Entry Corporate Name

Number of records used in: 1

001 - CONTROL NUMBER

  • control field: 8848

003 - CONTROL NUMBER IDENTIFIER

  • control field: OSt

005 - DATE AND TIME OF LATEST TRANSACTION

  • control field: 20170601123150.0

008 - FIXED-LENGTH DATA ELEMENTS

  • fixed length control field: 170601|| aca||aabn | a|a d

040 ## - CATALOGING SOURCE

  • Original cataloging agency: OSt
  • Transcribing agency: OSt

110 ## - HEADING--CORPORATE NAME

  • Corporate name or jurisdiction name as entry element: Kastam Diraja Malaysia Selangor.

670 ## - SOURCE DATA FOUND

  • Source citation: Work cat.: (OSt): Kastam Diraja Malaysia Selangor., Memantapkan Penilaian dan Taksiran Kenderaan Terpakai Yang Diimport Di Pelabuhan Utara.(CEKS 2009), 2009
Pusat Sumber Maklumat Dato' Haji Sarmin Md Hussin, Akademi Kastam Diraja Malaysia, Melaka
Tel: 06-2331106 | Faks: 06-2313787